Constructivismo y Educación (Registro nro. 1335)
[ vista simple ]
| 000 -CABECERA | |
|---|---|
| fixed length control field | 01028nam a22002657a 4500 |
| 003 - CONTROL NUMBER IDENTIFIER | |
| control field | AR-BeUNQ |
| 005 - FECHA Y HORA DE LA ULTIMA TRANSACCION | |
| control field | 20250908192820.0 |
| 008 - ELEMENTOS DE LONGITUD FIJA-INFORMACION GENERAL | |
| fixed length control field | 250908b |||||||| |||| 00| 0 spa d |
| 020 ## - NUMERO INTERNACIONAL NORMALIZADO PARA LIBROS | |
| Número Internacional Normalizado del libro | 978950129360 |
| 040 ## - FUENTE DE CATALOGACION | |
| Agencia de catalogación original | AR-BeUNQ |
| Idioma de catalogación | ESPAÑOL |
| Agencia que realiza la transcripción | AR-BeUNQ |
| Convenciones de la descripción | aacr |
| 082 ## - NUMERO DE CLASIFICACION DECIMAL DEWEYMBER | |
| Número de la edición | 21 |
| Número de clasificación | 370 CARR |
| Número del ítem | 63516 |
| 100 11 - ASIENTO PRINCIPAL-NOMBRE PERSONAL | |
| Nombre personal | Carretero, Mario. |
| Títulos u otras palabras asociadas al nombre | aut. |
| Fecha asociada al nombre | 1953 |
| 245 10 - MENCION DE TITULO | |
| Título | Constructivismo y Educación |
| Mención de responsabilidad, etc | Mario Carretero. |
| Medio físico | Libro |
| 250 ## - MENCION DE EDICION | |
| Mención de edición | 1a.ed |
| 260 ## - PUBLICACION, DISTRIBUCION, ETC. | |
| Lugar de publicación, distribución, etc. | Ciudad Autónoma de Buenos Airees : |
| Nombre del editor, distribuidor, etc. | Paidós, |
| Fecha de publicación, distribución, etc | 2016. |
| 300 ## - DESCRIPCION FISICA | |
| Extensión | 224 p. ; |
| Dimensiones | 22 x 14cm |
| 490 1# - MENCION DE SERIE | |
| Mención de serie | Biblioteca Fundamental de la Educación : Pensar y Hacer la Educación |
| 500 ## - NOTA GENERAL | |
| Nota general | Formación docente. Constructivismo y sistemas educativos. Desarrollo Cognitivo y Aprendizaje. |
| 650 ## - ASIENTO SECUNDARIO DE MATERIA - TERMINO TEMATICO | |
| Fuente del encabezamiento o términ | spines |
| Término temático o nombre geográfico como elemento de entrada | Educación |
| 651 ## - ASIENTO SECUNDARIO DE MATERIA - NOMBRE GEOGRAFICO | |
| Fuente del encabezamiento o término | unescot |
| Nombre geográfico | Argentina. |
| 700 ## - ASIENTO SECUNDARIO - NOMBRE DE PERSONA | |
| Personal name | Rottemberg, Rosa |
| Dates associated with a name | 1963 |
| Relator term | selecc. |
| 856 ## - LOCALIZACION Y ACCESO ELECTRONICOS | |
| Materials specified | https://es.scribd.com/doc/309850443/Carretero-Mario-Constructivismo-Y-Educacion |
| 929 ## - DATOS DE ADQUISICION | |
| Procedencia | PASE |
| Proveedor | María del Carmen Hemmningsen. |
| Orden de compra | 0 |
| Precio | 0 |
| Fecha de recibido | 03/09/24 |
| Patrimonio UNQ | PAT0083817 |
| 942 ## - ELEMENTOS DE PUNTO DE ACCESO ADICIONAL (KOHA) | |
| Tipo de ítem Koha | Libros |
| Estado de retiro | Estado de pérdida | Ubicación permanente | Ubicación actual | Ubicación en estantería | Fecha de ingreso | Total Checkouts | Signatura topográfica completa | Inventario | Date last seen | Tipo de ítem Koha |
|---|---|---|---|---|---|---|---|---|---|---|
| Biblioteca ESET - UNQ | Biblioteca ESET - UNQ | CIRCULACION | 08/09/2025 | 370 CAR | 63516 | 08/09/2025 | Libros |